LEADER 01400nam 2200349Ia 450 001 996395117303316 005 20221107224010.0 035 $a(CKB)4330000000318113 035 $a(EEBO)2240934725 035 $a(OCoLC)11876725 035 $a(EXLCZ)994330000000318113 100 $a19850402d1669 uy | 101 0 $aeng 135 $aurbn||||a|bb| 200 13$aAn exposition with practical observations continued upon the thirty second, the thirty third, and the thirty fourth chapters of the book of Job$b[electronic resource] $ebeing the substance of forty-nine lectures delivered at Magnus near the Bridge, London /$fby Joseph Caryl .. 210 $aLondon $cPrinted by M. Simmons for Giles Widdowes and are to be sold at his shop ...$d1669 215 $a[16], 863, [30] p 300 $aIncludes index. 300 $aErrata on p. [30]. 300 $aReproduction of original in the Union Theological Seminary Library. 330 $aeebo-0160 606 $aSermons, English$y17th century 615 0$aSermons, English 700 $aCaryl$b Joseph$f1602-1673.$01003625 801 0$bEAE 801 1$bEAE 801 2$bUMI 801 2$bWaOLN 906 $aBOOK 912 $a996395117303316 996 $aAn exposition with practical observations continued upon the thirty second, the thirty third, and the thirty fourth chapters of the book of Job$92341502 997 $aUNISA LEADER 03599nam 22006735 450 001 9910996492503321 005 20251217161013.0 010 $a9789819614035 010 $a9819614031 024 7 $a10.1007/978-981-96-1403-5 035 $a(CKB)38429032800041 035 $a(DE-He213)978-981-96-1403-5 035 $a(MiAaPQ)EBC32010378 035 $a(Au-PeEL)EBL32010378 035 $a(EXLCZ)9938429032800041 100 $a20250414d2025 u| 0 101 0 $aeng 135 $aur||||||||||| 181 $ctxt$2rdacontent 182 $cc$2rdamedia 183 $acr$2rdacarrier 200 10$aHandbook of Suicide Prevention $eInsights, Strategies and Approaches /$fedited by Updesh Kumar 205 $a1st ed. 2025. 210 1$aSingapore :$cSpringer Nature Singapore :$cImprint: Springer,$d2025. 215 $a1 online resource (XXIX, 530 p. 15 illus., 10 illus. in color.) 311 08$a9789819614028 311 08$a9819614023 327 $aTheoretical Underpinnings of Suicide from Root to Emanating Models -- Evolutionary Perspectives on Suicide -- Neuropsychology of Suicide. - Suicidal Behaviour Sin Crime or Distress. 330 $aThe Handbook of Suicide Prevention covers a broad range of topics related to suicidal behaviour, including its underlying causes, risk factors, prevention strategies, and therapeutic approaches. With contributions by renowned experts in the field, the volume brings forth the latest research and clinical insights into suicidal behaviour. It highlights evidence-based practices effective in reducing suicide risk. It provides a comprehensive overview of the multidimensional perspectives, including biological, psychological, and social factors contributing to suicidal ideation and behaviour. The book provides a nuanced and extensive understanding of how suicide risk and protective factors are shaped by social, cultural, and political contexts across the lifespan. The last section of the volume highlights the need for a multifaceted approach to suicide prevention by leveraging the latest technologies and therapeutic modalities while also addressing the social and cultural factors that contribute to suicide risk. Suicidal behaviour remains an intriguing phenomenon that demands addressing being among the leading causes of death worldwide. The handbook is a compilation of essential resources that offers a multitude of theoretical and compassionate approaches to understanding and addressing this complex phenomenon. Its practical guidance and evidence-based recommendations make it an essential reference for anyone working in suicide prevention, mental health and social work. 606 $aPhilosophy of mind 606 $aEthics 606 $aCorrections 606 $aPunishment 606 $aPsychiatry 606 $aMoral Psychology 606 $aPrison and Punishment 606 $aPsychiatry 606 $aFilosofia de la ment$2thub 606 $aSuïcidi$2thub 608 $aLlibres electrònics$2thub 615 0$aPhilosophy of mind. 615 0$aEthics. 615 0$aCorrections. 615 0$aPunishment. 615 0$aPsychiatry. 615 14$aMoral Psychology. 615 24$aPrison and Punishment. 615 24$aPsychiatry. 615 7$aFilosofia de la ment 615 7$aSuïcidi 676 $a155.825 702 $aKumar$b Updesh$4edt$4http://id.loc.gov/vocabulary/relators/edt 801 0$bMiAaPQ 801 1$bMiAaPQ 801 2$bMiAaPQ 906 $aBOOK 912 $a9910996492503321 996 $aHandbook of Suicide Prevention$94374732 997 $aUNINA